Biblioteca

Anthropology for Christian witness (Registro nro. 66927)

Detalles MARC
000 -LÍDER
Campo fijo de descripción fija 02514nam a2200361 i 4500
001 - NÚMERO DE CONTROL
Campo de control 768714001
003 - IDENTIFICADOR DEL NÚMERO DE CONTROL
Campo de control CO-MdFUSB
005 - FECHA Y HORA DE LA ULTIMA TRANSACCIÓN
control field 20240618062722.0
007 - CAMPO FIJO DE DESCRIPCIÓN FIJA--INFORMACIÓN GENERAL
Campo fijo de descripción fija ta
008 - ELEMENTOS DE LONGITUD FIJA -- INFORMACIÓN GENERAL
Campo fijo de descripción fija -- Información general 211006t1996 -usd|||| |||| 00| 0 eng d
020 ## - NÚMERO INTERNACIONAL NORMALIZADO PARA LIBROS
Número Internacional Normalizado del libro 1570750858
040 ## - FUENTE DE CATALOGACIÓN
Agencia de catalogación original CO-MdFUSB
Idioma de catalogación spa
Agencia que realiza la transcripción CO-MdFUSB
Agencia que realiza la modificación CO-MdFUSBC
Convenciones de la descripción rda
041 ## - CÓDIGO DE IDIOMA
Código de idioma para texto/pista de sonido o título separado eng
082 ## - NÚMERO DE CLASIFICACIÓN DECIMAL DEWEY
Número de la edición del Dewey 23
Número de clasificación 266.001
Clave de autor-Numero de item K89
100 ## - ASIENTO PRINCIPAL--NOMBRE PERSONAL
Nombre personal Kraft, Charles H.,
Término relacionador autor
245 ## - TÍTULO
Título del Material Anthropology for Christian witness
Mención de responsabilidad, etc. / Charles H. Kraft
264 #1 - PRODUCCIÓN, PUBLICACIÓN, DISTRIBUCIÓN, MANUFACTURA, Y COPYRIGHT
Lugar de producción, publicación, distribución, manufactura Maryknoll, N.Y. :
Nombre del productor, publicador, distribuidor Orbis Books,
Fecha de producción, publicación, distribución, manufactura, o copyright [1996]
264 #4 - PRODUCCIÓN, PUBLICACIÓN, DISTRIBUCIÓN, MANUFACTURA, Y COPYRIGHT
Fecha de producción, publicación, distribución, manufactura, o copyright © 1996
300 ## - DESCRIPCIÓN FÍSICA
Extensión 493 páginas
Dimensiones ; 26 cm
336 ## - TIPO DE CONTENIDO
Fuente rdacontent
Término de tipo de contenido texto
Código de tipo de contenido txt
337 ## - TIPO DE MEDIO
Fuente rdamedia
Nombre del tipo de medio sin mediación
Código del tipo de medio n
338 ## - TIPO DE SOPORTE
Fuente rdacarrier
Nombre del tipo de soporte volumen
Código Tipo de soporte nc
505 ## - NOTA DE CONTENIDO
Nota de contenido con formato preestablecido ¿Por qué la antropología para testigos transculturales? - Realidad, percepción y mapeo mental. -- Perspectiva de la cultura. -- Perspectiva de la cosmovisión. -- Perspectiva transcultural. -- Dios, cultura y seres humanos. -- Seres humanos y raza. -- Modelo de cultura. -- Formas y significados. -- Individuo y cultura. -- Cultura material y tecnología. -- Cultura económica y tecnología. -- Creencias religiosas y tecnología - Ciclo de vida - Comunicación: Idioma - Comunicación: Más allá del idioma - Educación - Familia - Estado y función - Agrupación - Control social - Estabilidad y cambio - Barreras y facilitadores del cambio -- Defensores del cambio - Ética del cambio - Dinámica del cambio de cosmovisión - Implicaciones teológicas de este enfoque - Investigación y estudio.
520 ## - NOTA DE RESUMEN, ETC.
Nota de sumario, etc. Antropología para Christian Witness sirve como una introducción básica y completa al estudio de la antropología que ha sido diseñada específicamente para aquellos que planean carreras en la misión o el ministerio transcultural. El trabajo de Charles H. Kraft, autor del clásico cristianismo en la cultura, y ampliamente reconocido como uno de los más destacados antropólogos misioneros evangélicos, este nuevo trabajo representa la síntesis de toda una vida de enseñanza y estudio. Kraft trata los conceptos básicos, incluidas las teorías de la cultura y la sociedad; una evaluación de las distintas escuelas antropológicas; parentesco y estructura familiar, y comunicación intercultural.
563 ## - NOTA DE ENCUADERNACIÓN
Nota de encuadernación Rústico
650 #0 - ASIENTO SECUNDARIO DE MATERIA - TERMINO TEMÁTICO
Término temático o nombre geográfico como elemento de entrada Misiones
9 (RLIN) 154
650 #7 - ASIENTO SECUNDARIO DE MATERIA - TERMINO TEMÁTICO
9 (RLIN) 388
Término temático o nombre geográfico como elemento de entrada Religión y cultura
653 ## - TÉRMINO DE INDIZACIÓN - NO CONTROLADO
Término no controlado Etnología - Aspectos religiosos - Cristianismo.
653 ## - TÉRMINO DE INDIZACIÓN - NO CONTROLADO
Término no controlado Cristianismo y cultura.
942 ## - TIPO DE MATERIAL (KOHA)
Tipo de Item KOHA Libros General
945 ## - INFORMACIÓN LOCAL DEL REGISTRO
Catalogador JTF-925
Existencias
Estado de Material Estado de Perdido Forma de Clasificación Estado de Dañado No para Préstamo Colección Biblioteca de Origen Biblioteca Permanente Fecha de Adquisición Área Total de Préstamos Signatura Topográfica Código de Barras Última vez visto Ejemplar/Existencia Fecha de Remplazo Tipo de Material
    Dewey Decimal Classification     Colección General Biblioteca FUSBC Biblioteca FUSBC 06/10/2021 MISIONES / EVANGELISMO   G 266.001 K89a 22840 24/06/2022 Ej. 1 06/10/2021 Libros General

Biblioteca FUSBC | Teléfono: (57+4) 349 88 10 Ext. 141| WhatsApp (+57) 3005338115 
E-mail: biblioteca@unisbc.edu.co | Calle 76 87-14 Robledo Palenque, Medellín, Colombia

Con tecnología Koha